<?xml version="1.0" encoding="UTF-8"?>
<record
    xmlns:xsi="http://www.w3.org/2001/XMLSchema-instance"
    xsi:schemaLocation="http://www.loc.gov/MARC21/slim http://www.loc.gov/standards/marcxml/schema/MARC21slim.xsd"
    xmlns="http://www.loc.gov/MARC21/slim">

  <leader>02193nam a2200229   4500</leader>
  <controlfield tag="001">ESSALUD</controlfield>
  <controlfield tag="005">20260701154102.0</controlfield>
  <controlfield tag="007">ta</controlfield>
  <controlfield tag="008">      t        pe ||||| |||| 00| 0 spa d</controlfield>
  <datafield tag="040" ind1=" " ind2=" ">
    <subfield code="a">BMG</subfield>
  </datafield>
  <datafield tag="041" ind1=" " ind2=" ">
    <subfield code="a">spa</subfield>
  </datafield>
  <datafield tag="100" ind1=" " ind2=" ">
    <subfield code="a">Corte Suprema de Justicia de la Rep&#xFA;blica. Sala Civil Transitoria</subfield>
    <subfield code="e">Autor</subfield>
    <subfield code="9">53076</subfield>
  </datafield>
  <datafield tag="245" ind1=" " ind2=" ">
    <subfield code="a">Responsabilidad civil extracontractual: Criterio de imputaci&#xF3;n para la Sunarp es objetivo por error del registrador</subfield>
  </datafield>
  <datafield tag="300" ind1=" " ind2=" ">
    <subfield code="a">p&#xE1;ginas 132-149</subfield>
  </datafield>
  <datafield tag="520" ind1=" " ind2=" ">
    <subfield code="a">En tanto que el caso de autos se encuentra sustentado en responsabilidad civil extracontractual por error registra!, el criterio de imputaci&#xF3;n para la entidad recurrente es objetivo, porque esta responde por una persona dependiente en ejercicio de sus funciones, de conformidad con el art&#xED;culo 1981 del C&#xF3;digo Civil, esto es, por el error en que haya incurrido el registrador p&#xFA;blico por acci&#xF3;n u omisi&#xF3;n de sus funciones A ello debe agregarse que en autos no se ha demostrado que el dependiente de la entidad recurrente haya actuado diligentemente, ya que la carga de la prueba por dolo o culpa corresponde a su autor de conformidad con el art&#xED;culo 1969 del C&#xF3;digo Civil, es decir, se invierte la carga de la prueba a cargo de su autor, en este caso, correspond&#xED;a a la entidad recurrente controlar que su dependiente act&#xFA;e diligentemente en el ejercicio de sus funciones (de haberlo probado, consecuentemente la entidad tampoco tendr&#xED;a responsabilidad indirecta), lo cual no fue as&#xED; tal como lo han desarrollado las instancias de m&#xE9;rito, en tanto que la propia Superintendencia Nacional de Registros P&#xFA;blicos admiti&#xF3; que el registrador, ante la desmembraci&#xF3;n del inmueble, debi&#xF3; realizar las anotaciones marginales donde corre extendida la independizaci&#xF3;n y extender un asiento de reducci&#xF3;n en la partida del inmueble, lo cual no ocurri&#xF3;.</subfield>
  </datafield>
  <datafield tag="650" ind1=" " ind2=" ">
    <subfield code="a">INDEMNIZACI&#xD3;N POR DA&#xD1;OS</subfield>
    <subfield code="9">53077</subfield>
  </datafield>
  <datafield tag="650" ind1=" " ind2=" ">
    <subfield code="a">REGISTROS PUBLICOS</subfield>
    <subfield code="9">4244</subfield>
  </datafield>
  <datafield tag="650" ind1=" " ind2=" ">
    <subfield code="a">DA&#xD1;O PATRIMONIAL </subfield>
    <subfield code="9">53070</subfield>
  </datafield>
  <datafield tag="650" ind1=" " ind2=" ">
    <subfield code="a">SUNARP</subfield>
    <subfield code="9">53078</subfield>
  </datafield>
  <datafield tag="773" ind1="0" ind2=" ">
    <subfield code="0">22573</subfield>
    <subfield code="9">22621</subfield>
    <subfield code="d">Lima Grupo Praxis Formaci&#xF3;n Profesional, 2026-</subfield>
    <subfield code="o">PRA002</subfield>
    <subfield code="t">Praxis Civil &amp; Procesal Civil</subfield>
    <subfield code="w">ESSALUD</subfield>
    <subfield code="x">3119-7671</subfield>
  </datafield>
  <datafield tag="942" ind1=" " ind2=" ">
    <subfield code="c">ARTICULOS</subfield>
    <subfield code="e">2026-07-01</subfield>
    <subfield code="z">sqb</subfield>
  </datafield>
  <datafield tag="999" ind1=" " ind2=" ">
    <subfield code="c">22603</subfield>
    <subfield code="d">22603</subfield>
  </datafield>
</record>
